| 000 | 00526nam a2200169Ia 4500 | ||
|---|---|---|---|
| 999 |
_c35385 _d35385 |
||
| 003 | OSt | ||
| 005 | 20201214103240.0 | ||
| 008 | 190216s9999||||xx |||||||||||||| ||und|| | ||
| 040 | _coclc | ||
| 082 |
_a560 _bOZA/T |
||
| 100 |
_aOzaki, Hiroshi _97422 |
||
| 245 | 4 |
_aThe Children`s Treasury Of Knowledge : _bPrehistoric Life / _cHiroshi Ozaki |
|
| 260 |
_bTime Life Books, _c1975. _aNederland: |
||
| 300 | _a111p | ||
| 650 | _aChildren`S Treasury Of Knowledge | ||
| 942 |
_cREF _2ddc _h560 _iOZA/T _k560 _mOZA/T |
||